00492nam a2200157 i 4500001000300000100001900003245006300022260002100085040000800106041000800114942000700122008004100129999001700170856009800187952004900285bg1 aSĘKOWSKI, K. 0aPoczątki odlewnictwa żeliwa w Polsce /cK. Sękowski. aKraków,c1983. cBPK apol cKS s pl f |000 0 pol  c22289d22289 uhttp://koha.tu.koszalin.pl/cgi-bin/koha/opac-detail.pl?biblionumber=22289yKatalog online BPK 00104070aBPKbBPKcwo31290p01232936yKS